000 01381ctm a2200277 i 4500
003 SA-RiAUC
005 20251212131335.0
008 251210s2001 su f m 00000 ara c
040 _aSA-JeALM
_bara
_cSA-RiAUC
_erda
082 0 4 _a251.6
090 _aر 251.6
_bق و ت
100 1 _aقوتة، عادل بن عبد القادر بن محمد ولي.
_eمؤلف.
245 1 2 _aالقواعد والضوابط الفقهية في أبواب التمليكات المالية عند الإمام القرافي من خلال كتابيه الذخيرة والفروق :
_bجمعا ودراسة /
_cإعداد عادل بن عبد القادر بن محمد ولي قوتة ؛ إشراف عبد الوهاب بن إبراهيم أبو سليمان.
264 0 _aمكة المكرمة :
_bجامعة أم القرى .
_c2001
300 _a2 مجلد ؛
_c30 سم.
336 _aنص
_btxt
_2rdacontent
_3أطروحة
337 _aبدون وسيط
_bn
_2rdamedia
338 _aمجلد
_bnc
_2rdacarrier
502 _aأطروحة ( دكتوراة )-جامعة أم القرى، 1422 هجري.
650 7 _aالمعاملات (فقه إسلامي).
_2aucsh
700 _aأبوسليمان، عبدالوهاب بن ابراهيم
_eمشرف .
740 2 2 _aالدخيرة.
740 2 2 _aالفروق.
942 _2ddc
_cTHESES
_n0
949 _aSA-JeALM
_d251210
_uosman123
_n1
999 _c13485
_d13485